000 00507nam a22001937a 4500
003 OSt
005 20250925020003.0
008 171127b xxu||||| |||| 00| 0 eng d
020 _a9781466582019
040 _cDDC
082 _a621.38 SAG 2014
100 _aSaggio, Giovanni
_912257
245 _aPrinciples of Analog Electronics
260 _aBoca Raton; CRC Press, 2014
300 _axix,547p; col.ill:26cm
504 _aIndex included
650 _aElectronics Analog
_912258
942 _2z
_cB_BANK
_01
999 _c5883
_d5883